000 00356nam a2200133 i 4500
001 bg
100 1 _aLORENZ, Konrad
245 0 _aOdwrotna strona zwierciadła :
_bpróba historii naturalnej ludzkiego poznania /
_cKonrad Lorenz.
260 _aWarszawa,
_c1977.
040 _cBPK
041 _apol
942 _cKS
008 s pl f |000 0 pol
999 _c9487
_d9487
856 _uhttp://koha.tu.koszalin.pl/cgi-bin/koha/opac-detail.pl?biblionumber=9487
_yKatalog online BPK